| 000 | 00605nam a2200229Ia 4500 | ||
|---|---|---|---|
| 003 | OSt | ||
| 005 | 20230616151641.0 | ||
| 008 | 210423s2018 xx 000 0 und d | ||
| 020 | _a978-81-239-1874-7 | ||
| 040 | _cAL | ||
| 041 | _aeng | ||
| 082 |
_a547.7 _223 _bKARC |
||
| 100 |
_aKAR (Ashutosh) _996770 |
||
| 245 | _aChemistry of natural products Vol 1 | ||
| 260 |
_aNew Delhi _bCBS Publishers & Distributors _c2018 |
||
| 300 |
_axviii,501 _bPB |
||
| 365 |
_b525 _cINR |
||
| 440 | _v1 | ||
| 650 |
_aOrganic Chemistry _996771 |
||
| 906 | _aChemistry ; natural ; products ; Vol | ||
| 942 |
_2ddc _cBK |
||
| 999 |
_c170857 _d170857 |
||